01483nam a22003857a 4500003000500000005001700005008004100022010000900063011000900072035000900081040000900090090001000099100004300109245016200152260004000314300000900354502007500363590003700438590004100475590004100516590004100557590004100598590004200639650003000681650003300711650003900744650003500783700003400818710004500852901000700897942001000904949004100914999001500955952012700970CHAP20220329133533.0971013s1993 r 00010 d a7563 a8535 a7764 cCHAP aTesis00aHernández Reséndiz, Rafael.954520 aProducción de semilla de conchita azul Clitoria ternatea L. y siratro Macroptilium atropurpureum Moc. bajo condiciones de invernadero en Chapingo, México aChapingo, Méx. :bEl autor,c1993 a89 h aTesis (Ing. Agr. Esp. en Zootecnia) -- UACH. Departamento de Zootecnia aALEPHb10c20130110lUCH01h1220 aBATCH-UPDb10c20130110lUCH01h0142 aBATCH-UPDb10c20130110lUCH01h0837 aBATCH-UPDb10c20130410lUCH01h0515 aBATCH-UPDb10c20130914lUCH01h0950 aCONVERSIONb10c20130109lUCH01h130514aClitoria ternatea.92388014aLeguminosasxSemilla.96585114aMacroptilium atropurpureum.96955714aSemillasxRendimiento.91039300 aCruz Almaraz, Domingo.9292800 aUACH. Departamento de Zootecnia.9115904 aBK cTESIS bBCcTESd-17604eTS1h26184i7764si c7563d7563 00102local4051708TESISaBCbBCcPA_TESISd2019-12-31fTESISl0oTesisp-17604r2019-12-31 00:00:00w2019-12-31yTESIS